header

Presentation secrets (Record no. 129878)

MARC details
000 -LEADER
fixed length control field 01281nam a2200325 a 4500
100 1# - MAIN ENTRY--AUTHOR NAME
Personal name Kapterev, Alexei.
245 10 - TITLE STATEMENT
Title Presentation secrets
260 ## - PUBLICATION, DISTRIBUTION, ETC. (IMPRINT)
Place of publication Indianapolis :
Name of publisher Wiley,
Year of publication 2011.
300 ## - PHYSICAL DESCRIPTION
Number of Pages xv, 288 p. :
Other physical details col. ill. cm.
500 ## - GENERAL NOTE
General note Includes index.
505 0# - FORMATTED CONTENTS NOTE
Formatted contents note pt. 1. Story -- pt. 2. Slides -- pt. 3. Delivery.
650 #0 - SUBJECT ADDED ENTRY--TOPICAL TERM
Topical Term Presentation graphics software.
856 40 - ELECTRONIC LOCATION AND ACCESS
Uniform Resource Identifier http://site.ebrary.com/lib/rucke/Doc?id=10494529

No items available.

© 2026 Rongo University
Contact us: librarian | system librarian | Rongo university